000 00439nam a2200181Ia 4500
001 2004
005 20260306143810.0
008 260306t2015||||xx |||||||||||||| ||spa||
041 _aESP
082 _a610.28
_bB84
100 _aBronzino, Joseph D.
_eAUT
245 0 _aMedical devices and human engineering
260 _c2015
300 _avarias paginaciones :
_c26 cm.
650 _aGEN
654 _aCPS
942 _cLIB
_dJUS
_fJUS
_2ddc
_n
999 _c2004
_d2004